موسوم بنام تاريخي 1339 فغان راز /mosum batarikhi 1339 Fugan i Raj / (Record no. 82719)
[ view plain ]
| 000 -LEADER | |
|---|---|
| fixed length control field | 00601nam a22001937a 4500 |
| 001 - CONTROL NUMBER | |
| control field | 82719 |
| 003 - CONTROL NUMBER IDENTIFIER | |
| rucl marc code | BD-RjUL |
| 005 - DATE AND TIME OF LATEST TRANSACTION | |
| control field | 20240122123116.0 |
| 008 - FIXED-LENGTH DATA ELEMENTS--GENERAL INFORMATION | |
| fixed length control field | 240122s151 p ||||| |||| 00| p p d |
| 035 ## - SYSTEM CONTROL NUMBER | |
| System control number | (BD-RjUL)82719 |
| 040 ## - CATALOGING SOURCE | |
| Original cataloging agency | BD-RjUL |
| Language of cataloging | eng |
| Transcribing agency | BD-RjUL |
| 041 ## - LANGUAGE CODE | |
| Language code of text/sound track or separate title | per |
| 082 ## - DEWEY DECIMAL CLASSIFICATION NUMBER | |
| Edition number | 23 |
| Classification number | 891.551 |
| Author mark and year | ABM 1951 |
| 245 ## - TITLE STATEMENT | |
| Title | موسوم بنام تاريخي 1339 فغان راز /mosum batarikhi 1339 Fugan i Raj / |
| Statement of responsibility, etc. | محمد عبد القادر ;; Muhammad Abdul Qadir |
| 260 ## - PUBLICATION, DISTRIBUTION, ETC. (IMPRINT) | |
| Place of publication, distribution, etc. | Elahabad: |
| Name of publisher, distributor, etc. | Andin press, |
| Date of publication, distribution, etc. | 1951 |
| 300 ## - PHYSICAL DESCRIPTION | |
| Pagination | 201 p. ; |
| Size | 22 cm |
| 650 ## - SUBJECT ADDED ENTRY--TOPICAL TERM | |
| Topical term or geographic name as entry element | Persian Poetry |
| 942 ## - ADDED ENTRY ELEMENTS (KOHA) | |
| Source of classification or shelving scheme | Dewey Decimal Classification |
| Koha item type | Books |
| Lost status | Source of classification or shelving scheme | Damaged status | Not for loan | Collection code | Permanent Location | Current Location | Shelving location | Date acquired | Source of acquisition | Total Checkouts | Full call number | Date last seen | Copy number | Koha item type |
|---|---|---|---|---|---|---|---|---|---|---|---|---|---|---|
| Dewey Decimal Classification | Not For Loan | Non-fiction | Central Library, University of Rajshahi | Central Library, University of Rajshahi | Reading Room | 29/02/1992 | S.A. Kazim RU | F 891.551 ABM 1951 | 22/01/2024 | C-1 | Books |